000 00541nam a2200169Ia 4500
008 090711s9999 xx 000 0 und d
082 _b47757
100 _aजोशी शालिनी (संग्रा.)
245 _aअत्रे उवाSा
260 _c1937
300 _a36
600 _aजोशी शालिनी (संग्रा.)
630 _aअत्रे उवाSा
700 _aजोशी शालिनी (संग्रा.)
730 _aअत्रे उवाSा
942 _cBOOK
999 _c286010
_d286010